000 00380nam a2200145 4500
003 NP
005 20260306180009.0
008 260306b |||||||| |||| 00| 0 eng d
020 _a8876630740
040 _cNP
100 _aTondelli Pier Vittorio
245 _aUnder 25
_b Giovani Blues
_cPier Vittorio Tondelli
260 _aUrbino
_bIl lavoro editoriale
_c1986
942 _2ddc
_cBK
_n0
999 _c28878
_d28878